Vast-E-Asia Mein Islam Ka Mustaqbil. (Record no. 12115)

MARC details
000 -LEADER
fixed length control field 00609nam a2200241 a 4500
020 ## - INTERNATIONAL STANDARD BOOK NUMBER
ISBN
082 00 - DEWEY DECIMAL CLASSIFICATION NUMBER
Classification number 297.0958
Author Cutter TAH
100 ## - MAIN ENTRY--AUTHOR NAME
Author name Tahan Mustafa, Muhammad
245 ## - TITLE STATEMENT
Title Vast-E-Asia Mein Islam Ka Mustaqbil.
260 ## - PUBLICATION, DISTRIBUTION, ETC. (IMPRINT)
Place of publication Aligarh
Name of publisher Hilal Publications
Year of publication 1996
300 ## - PHYSICAL DESCRIPTION
Number of Pages 202p.
500 ## - GENERAL NOTE
General note includes index and biblioraphy
505 2# - FORMATTED CONTENTS NOTE
Formatted contents note Indexes
650 ## - SUBJECT ADDED ENTRY--TOPICAL TERM
Topical Term Islam-Central Asia
942 ## - ADDED ENTRY ELEMENTS (KOHA)
Koha item type Books
700 1# -
-- Tahan Mustafa, Muhammad
Holdings
Collection code Home library Current library Date acquired Cost, normal purchase price Full call number Accession Number Koha item type
  Henry Martyn Institute Library Henry Martyn Institute Library 07/26/2007 60.00 297.0958 TAH 017934 Books
                   Copyright © 2026 | Henry Martyn Institute | Hyderabad | TS-500052 | INDIA | Implemented by hmi.edu.in
Hit-Count:

Powered by Koha